[Event "Campeonato de España Veteranos 2017"]
[Site "Altea"]
[Date "2017.10.12"]
[Round "6"]
[White "Fernandez Vicente, Carmelo"]
[Black "Estrada Martinez, Cesar"]
[Result "1-0"]
[Board "15"]
[WhiteElo "2044"]
[WhiteCountry "ESP"]
[WhiteFideId "2228238"]
[WhiteEloChange "10"]
[BlackElo "2045"]
[BlackCountry "ESP"]
[BlackFideId "2210649"]
[BlackEloChange "-10"]

1. c4 {[%clk 1:30:55]} Nf6 {[%clk 1:30:33]} 2. g3 {[%clk 1:30:42]} e6 {[%clk
1:29:12]} 3. Nf3 {[%clk 1:29:39]} d5 {[%clk 1:29:24]} 4. b3 {[%clk 1:28:55]} Be7
{[%clk 1:28:48]} 5. Bg2 {[%clk 1:28:12]} O-O {[%clk 1:27:45]} 6. O-O {[%clk
1:28:03]} Nbd7 {[%clk 1:23:06]} 7. Bb2 {[%clk 1:27:33]} c6 {[%clk 1:23:15]} 8. d4
{[%clk 1:24:44]} Ne4 {[%clk 1:22:44]} 9. Nfd2 {[%clk 1:21:22]} Nxd2 {[%clk
1:19:03]} 10. Nxd2 {[%clk 1:21:34]} Nf6 {[%clk 1:17:01]} 11. e4 {[%clk 1:20:08]}
dxe4 {[%clk 1:15:36]} 12. Nxe4 {[%clk 1:20:06]} Nxe4 {[%clk 1:15:38]} 13. Bxe4
{[%clk 1:20:23]} Bf6 {[%clk 1:15:49]} 14. Qd3 {[%clk 1:17:11]} g6 {[%clk
1:15:16]} 15. Rad1 {[%clk 1:16:52]} c5 {[%clk 1:10:13]} 16. Rd2 {[%clk 1:15:05]}
cxd4 {[%clk 1:10:28]} 17. Bxd4 {[%clk 1:15:21]} Bxd4 {[%clk 1:10:29]} 18. Qxd4
{[%clk 1:15:40]} Qxd4 {[%clk 1:10:12]} 19. Rxd4 {[%clk 1:15:58]} e5 {[%clk
1:10:27]} 20. Rd5 {[%clk 1:15:03]} f5 {[%clk 1:06:48]} 21. Bg2 {[%clk 1:14:30]}
e4 {[%clk 1:07:05]} 22. f3 {[%clk 1:13:54]} exf3 {[%clk 1:00:18]} 23. Bxf3 {[%clk
1:13:53]} Rb8 {[%clk 0:59:56]} 24. Re1 {[%clk 1:12:53]} b6 {[%clk 0:50:59]} 25.
Re7 {[%clk 1:12:01]} Rb7 {[%clk 0:50:46]} 26. Rde5 {[%clk 1:12:09]} Rxe7 {[%clk
0:47:53]} 27. Rxe7 {[%clk 1:12:25]} a5 {[%clk 0:45:20]} 28. Bd5+ {[%clk 1:11:52]}
Kh8 {[%clk 0:45:49]} 29. a3 {[%clk 1:12:04]} f4 {[%clk 0:45:48]} 30. gxf4 {[%clk
1:11:04]} Bh3 {[%clk 0:45:35]} 31. Rf7 {[%clk 1:09:16]} Rxf7 {[%clk 0:44:00]} 32.
Bxf7 {[%clk 1:08:25]} Kg7 {[%clk 0:43:59]} 33. Bd5 {[%clk 1:08:18]} Kf6 {[%clk
0:44:22]} 34. Kf2 {[%clk 1:08:29]} Bf5 {[%clk 0:41:29]} 35. Ke3 {[%clk 1:07:30]}
Bc2 {[%clk 0:41:30]} 36. b4 {[%clk 1:07:27]} Bb3 {[%clk 0:41:23]} 37. Kd4 {[%clk
1:05:59]} axb4 {[%clk 0:41:35]} 38. axb4 {[%clk 1:06:17]} Kf5 {[%clk 0:41:48]}
39. c5 {[%clk 1:04:59]} bxc5+ {[%clk 0:42:01]} 40. Kxc5 {[%clk 1:05:14]} Ba4
{[%clk 0:38:02]} 41. Bc6 {[%clk 1:05:26]} Bb3 {[%clk 0:38:31]} 42. b5 {[%clk
1:04:34]} Be6 {[%clk 0:38:56]} 43. Kd6 {[%clk 1:03:51]} Bc4 {[%clk 0:39:03]} 44.
b6 {[%clk 1:03:59]} Ba6 {[%clk 0:39:32]} 45. Bb5 {[%clk 1:04:04]} Bb7 {[%clk
0:38:47]} 46. Kc7 {[%clk 1:04:20]} 1-0

[Event "Campeonato de España Veteranos 2017"]
[Site "Altea"]
[Date "2017.10.12"]
[Round "6"]
[White "Fernandez Garcia, Ignacio"]
[Black "Fos Santacreu, Juan Andres"]
[Result "0-1"]
[Board "16"]
[WhiteElo "1871"]
[WhiteCountry "ESP"]
[WhiteFideId "2226782"]
[WhiteEloChange "-4"]
[BlackTitle "FM"]
[BlackElo "2140"]
[BlackCountry "ESP"]
[BlackFideId "2205211"]
[BlackEloChange "4"]

1. e4 {[%clk 1:30:57]} c6 {[%clk 1:28:55]} 2. d4 {[%clk 1:30:48]} d5 {[%clk
1:29:15]} 3. e5 {[%clk 1:30:44]} c5 {[%clk 1:29:40]} 4. c3 {[%clk 1:29:36]} Nc6
{[%clk 1:29:50]} 5. Nf3 {[%clk 1:28:50]} Bg4 {[%clk 1:19:44]} 6. Be3 {[%clk
1:28:20]} Qb6 {[%clk 1:18:28]} 7. Nbd2 {[%clk 1:24:55]} e6 {[%clk 1:17:28]} 8.
dxc5 {[%clk 1:16:58]} Bxc5 {[%clk 1:16:58]} 9. Bxc5 {[%clk 1:17:24]} Qxc5 {[%clk
1:17:17]} 10. Qa4 {[%clk 1:17:09]} Bh5 {[%clk 1:07:03]} 11. Bd3 {[%clk 1:14:57]}
Ne7 {[%clk 1:06:13]} 12. O-O {[%clk 1:12:11]} O-O {[%clk 1:03:45]} 13. Rfe1
{[%clk 1:11:25]} a6 {[%clk 1:02:18]} 14. Qh4 {[%clk 1:11:12]} Bg6 {[%clk
1:02:23]} 15. Bxg6 {[%clk 1:10:35]} Nxg6 {[%clk 1:02:14]} 16. Qg3 {[%clk
1:10:42]} b5 {[%clk 1:00:20]} 17. Rad1 {[%clk 1:05:10]} a5 {[%clk 0:54:37]} 18.
Nb3 {[%clk 1:04:49]} Qb6 {[%clk 0:54:49]} 19. Nbd4 {[%clk 1:04:37]} b4 {[%clk
0:55:07]} 20. Nxc6 {[%clk 1:04:00]} Qxc6 {[%clk 0:55:28]} 21. cxb4 {[%clk
1:03:36]} axb4 {[%clk 0:51:00]} 22. Rd4 {[%clk 1:03:12]} Rxa2 {[%clk 0:31:03]}
23. Rxb4 {[%clk 1:03:12]} Rfa8 {[%clk 0:29:53]} 24. h4 {[%clk 0:59:46]} Ra1
{[%clk 0:23:40]} 25. Rxa1 {[%clk 0:59:15]} Rxa1+ {[%clk 0:24:02]} 26. Kh2 {[%clk
0:59:41]} Qc7 {[%clk 0:17:58]} 27. h5 {[%clk 0:54:16]} Ne7 {[%clk 0:15:29]} 28.
Nd4 {[%clk 0:52:43]} h6 {[%clk 0:15:18]} 29. f4 {[%clk 0:47:33]} Rd1 {[%clk
0:13:42]} 30. Qe3 {[%clk 0:46:39]} g6 {[%clk 0:08:40]} 31. hxg6 {[%clk 0:41:04]}
Nxg6 {[%clk 0:09:07]} 32. Rb3 {[%clk 0:37:06]} Qc4 {[%clk 0:07:53]} 33. Ne2
{[%clk 0:36:05]} Re1 {[%clk 0:06:49]} 34. Rd3 {[%clk 0:32:32]} Qc2 {[%clk
0:04:04]} 35. Rd2 {[%clk 0:32:18]} Qb1 {[%clk 0:04:19]} 36. g3 {[%clk 0:30:54]}
Rh1+ {[%clk 0:04:42]} 37. Kg2 {[%clk 0:31:23]} Qf1# {[%clk 0:04:42]} 0-1

[Event "Campeonato de España Veteranos 2017"]
[Site "Altea"]
[Date "2017.10.13"]
[Round "7"]
[White "Campos Gambuti, Luis Maria"]
[Black "Aranaz Portugues, Jose Carlos"]
[Result "1-0"]
[Board "1"]
[WhiteTitle "IM"]
[WhiteElo "2413"]
[WhiteCountry "ESP"]
[WhiteFideId "2226979"]
[WhiteEloChange "2"]
[BlackElo "2159"]
[BlackCountry "ESP"]
[BlackFideId "2274710"]
[BlackEloChange "-4"]

1. c4 {[%clk 1:30:31]} e5 {[%clk 1:30:25]} 2. g3 {[%clk 1:30:18]} Nf6 {[%clk
1:30:43]} 3. Bg2 {[%clk 1:30:32]} c6 {[%clk 1:30:55]} 4. d4 {[%clk 1:28:56]} e4
{[%clk 1:30:59]} 5. Nc3 {[%clk 1:28:39]} d5 {[%clk 1:30:41]} 6. Bg5 {[%clk
1:21:33]} Be7 {[%clk 1:30:25]} 7. e3 {[%clk 1:17:34]} O-O {[%clk 1:25:52]} 8.
Nge2 {[%clk 1:15:02]} Bg4 {[%clk 1:25:22]} 9. Bxf6 {[%clk 1:12:10]} Bxf6 {[%clk
1:25:06]} 10. cxd5 {[%clk 1:12:23]} cxd5 {[%clk 1:24:19]} 11. Qb3 {[%clk
1:10:02]} Re8 {[%clk 1:16:58]} 12. Qxd5 {[%clk 1:07:26]} Nd7 {[%clk 1:16:30]} 13.
Bxe4 {[%clk 1:04:46]} Qb6 {[%clk 1:15:21]} 14. Qxb7 {[%clk 0:59:18]} Qa5 {[%clk
1:15:46]} 15. Qxa8 {[%clk 0:58:51]} Rxa8 {[%clk 1:16:07]} 16. Bxa8 {[%clk
0:59:15]} Qa6 {[%clk 1:15:35]} 17. h3 {[%clk 0:57:22]} Bh5 {[%clk 1:14:48]} 18.
g4 {[%clk 0:57:25]} Bg6 {[%clk 1:15:16]} 19. O-O {[%clk 0:55:22]} Bd3 {[%clk
1:15:09]} 20. Rfe1 {[%clk 0:55:22]} h5 {[%clk 1:15:08]} 21. Nf4 {[%clk 0:55:40]}
hxg4 {[%clk 1:15:25]} 22. Nxd3 {[%clk 0:55:02]} Qxd3 {[%clk 1:15:51]} 23. Be4
{[%clk 0:55:14]} Qa6 {[%clk 1:15:33]} 24. hxg4 {[%clk 0:55:24]} Bh4 {[%clk
1:15:06]} 25. Nd5 {[%clk 0:46:45]} Nf6 {[%clk 1:11:50]} 26. Bf3 {[%clk 0:45:18]}
Nxg4 {[%clk 1:08:56]} 27. Re2 {[%clk 0:41:06]} Qd6 {[%clk 1:00:20]} 28. Nf4
{[%clk 0:34:37]} g5 {[%clk 0:57:55]} 29. Bxg4 {[%clk 0:34:25]} gxf4 {[%clk
0:58:23]} 30. e4 {[%clk 0:34:39]} Qxd4 {[%clk 0:58:15]} 31. Kg2 {[%clk 0:34:52]}
Qg7 {[%clk 0:56:10]} 32. Kf3 {[%clk 0:35:09]} Bf6 {[%clk 0:56:33]} 33. Rc2 {[%clk
0:31:12]} Qf8 {[%clk 0:54:53]} 34. Rc8 {[%clk 0:31:17]} 1-0

[Event "Campeonato de España Veteranos 2017"]
[Site "Altea"]
[Date "2017.10.13"]
[Round "7"]
[White "Roche Simon, Manuel Angel"]
[Black "Elissalt Cardenas, Hector"]
[Result "0-1"]
[Board "2"]
[WhiteElo "2216"]
[WhiteCountry "ESP"]
[WhiteFideId "2216566"]
[WhiteEloChange "-7"]
[BlackTitle "IM"]
[BlackElo "2324"]
[BlackCountry "ESP"]
[BlackFideId "3500632"]
[BlackEloChange "7"]

1. e4 {[%clk 1:24:16]} c6 {[%clk 1:30:51]} 2. d4 {[%clk 1:24:16]} d5 {[%clk
1:31:33]} 3. Nc3 {[%clk 1:23:14]} g6 {[%clk 1:31:53]} 4. Nf3 {[%clk 1:22:26]} Bg7
{[%clk 1:31:53]} 5. h3 {[%clk 1:22:26]} Nh6 {[%clk 1:32:06]} 6. Bf4 {[%clk
1:20:28]} f6 {[%clk 1:32:06]} 7. exd5 {[%clk 1:18:22]} cxd5 {[%clk 1:32:41]} 8.
Nb5 {[%clk 1:18:22]} Na6 {[%clk 1:15:07]} 9. c4 {[%clk 1:12:37]} O-O {[%clk
0:37:41]} 10. Nc3 {[%clk 0:58:08]} e5 {[%clk 0:37:33]} 11. dxe5 {[%clk 0:44:39]}
d4 {[%clk 0:37:35]} 12. Qxd4 {[%clk 0:44:48]} Qxd4 {[%clk 0:37:41]} 13. Nxd4
{[%clk 0:44:48]} fxe5 {[%clk 0:38:06]} 14. Bxh6 {[%clk 0:44:35]} Bxh6 {[%clk
0:30:24]} 15. Nc2 {[%clk 0:38:20]} Bf5 {[%clk 0:30:24]} 16. Ne3 {[%clk 0:38:20]}
Bxe3 {[%clk 0:27:57]} 17. fxe3 {[%clk 0:38:41]} Rad8 {[%clk 0:22:32]} 18. Nd5
{[%clk 0:28:23]} Kg7 {[%clk 0:14:34]} 19. O-O-O {[%clk 0:20:22]} Nc5 {[%clk
0:14:18]} 20. Nc3 {[%clk 0:20:22]} Nd3+ {[%clk 0:14:43]} 21. Bxd3 {[%clk
0:20:29]} Bxd3 {[%clk 0:13:15]} 22. b3 {[%clk 0:20:31]} Rf2 {[%clk 0:13:23]} 23.
Rd2 {[%clk 0:15:43]} Rxd2 {[%clk 0:13:23]} 24. Kxd2 {[%clk 0:15:43]} Bxc4+ {[%clk
0:14:08]} 25. Kc2 {[%clk 0:12:39]} Bd3+ {[%clk 0:13:53]} 26. Kb2 {[%clk 0:12:39]}
Ba6 {[%clk 0:13:53]} 27. Kc1 {[%clk 0:12:02]} b6 {[%clk 0:13:12]} 28. Re1 {[%clk
0:11:55]} h5 {[%clk 0:10:24]} 29. h4 {[%clk 0:11:55]} Bd3 {[%clk 0:10:24]} 30. e4
{[%clk 0:05:15]} Rd4 {[%clk 0:09:59]} 31. Kb2 {[%clk 0:02:10]} b5 {[%clk
0:09:04]} 32. a3 {[%clk 0:00:52]} a5 {[%clk 0:09:04]} 33. Re3 {[%clk 0:00:52]} b4
{[%clk 0:07:43]} 34. axb4 {[%clk 0:00:37]} axb4 {[%clk 0:08:09]} 35. Na4 {[%clk
0:00:57]} Bxe4 {[%clk 0:08:24]} 36. g3 {[%clk 0:00:54]} Kf6 {[%clk 0:04:45]} 37.
Nc5 {[%clk 0:00:54]} Bf5 {[%clk 0:03:38]} 38. Re2 {[%clk 0:00:36]} e4 {[%clk
0:03:47]} 39. Kc1 {[%clk 0:00:36]} Ke5 {[%clk 0:03:15]} 40. Kb2 {[%clk 0:00:49]}
Rd5 {[%clk 0:03:14]} 41. Na6 {[%clk 0:00:37]} Bg4 {[%clk 0:02:54]} 42. Re1 {[%clk
0:00:37]} Rd2+ {[%clk 0:02:22]} 43. Kc1 {[%clk 0:01:00]} Rd3 {[%clk 0:02:22]} 44.
Kb2 {[%clk 0:00:32]} Rxg3 {[%clk 0:01:49]} 45. Nxb4 {[%clk 0:00:54]} Be6 {[%clk
0:01:29]} 46. Nc6+ {[%clk 0:01:06]} Kd6 {[%clk 0:01:53]} 47. Nd4 {[%clk 0:01:16]}
Bd5 {[%clk 0:01:53]} 48. Nb5+ {[%clk 0:01:11]} Ke5 {[%clk 0:01:49]} 49. Nc3
{[%clk 0:01:21]} Bc6 {[%clk 0:01:57]} 50. Ra1 {[%clk 0:01:37]} Rg2+ {[%clk
0:02:17]} 51. Ka3 {[%clk 0:01:59]} e3 {[%clk 0:02:00]} 52. Kb4 {[%clk 0:01:52]}
e2 {[%clk 0:02:00]} 53. Kc5 {[%clk 0:01:48]} Bf3 {[%clk 0:01:52]} 54. b4 {[%clk
0:01:58]} Rf2 {[%clk 0:01:52]} 55. Re1 {[%clk 0:02:26]} Rf1 {[%clk 0:01:23]} 56.
Rxe2+ {[%clk 0:02:52]} Bxe2 {[%clk 0:01:46]} 57. Nxe2 {[%clk 0:02:52]} Re1 {[%clk
0:01:46]} 58. Nc3 {[%clk 0:02:38]} Rc1 {[%clk 0:02:34]} 59. Kc4 {[%clk 0:02:57]}
Rh1 {[%clk 0:03:11]} 60. b5 {[%clk 0:02:57]} Rxh4+ {[%clk 0:03:27]} 61. Kc5
{[%clk 0:03:25]} Rh3 {[%clk 0:03:27]} 62. Na4 {[%clk 0:02:57]} Ra3 {[%clk
0:02:28]} 63. Nb2 {[%clk 0:03:10]} Rb3 {[%clk 0:02:28]} 0-1

[Event "Campeonato de España Veteranos 2017"]
[Site "Altea"]
[Date "2017.10.13"]
[Round "7"]
[White "Fernandez Hernandez, Gerardo"]
[Black "Cantero Navarro, Antonio"]
[Result "1-0"]
[Board "3"]
[WhiteTitle "CM"]
[WhiteElo "2178"]
[WhiteCountry "ESP"]
[WhiteFideId "2207400"]
[WhiteEloChange "9"]
[BlackElo "2153"]
[BlackCountry "ESP"]
[BlackFideId "2203235"]
[BlackEloChange "-9"]

1. e4 {[%clk 1:30:58]} c5 {[%clk 1:30:53]} 2. d3 {[%clk 1:31:23]} Nc6 {[%clk
1:31:18]} 3. g3 {[%clk 1:31:46]} g6 {[%clk 1:31:44]} 4. Bg2 {[%clk 1:32:13]} Bg7
{[%clk 1:32:07]} 5. f4 {[%clk 1:32:38]} d6 {[%clk 1:32:33]} 6. Nf3 {[%clk
1:33:04]} Nf6 {[%clk 1:32:56]} 7. O-O {[%clk 1:33:27]} O-O {[%clk 1:33:22]} 8. h3
{[%clk 1:33:55]} c4 {[%clk 1:16:55]} 9. Nc3 {[%clk 1:30:27]} cxd3 {[%clk
1:15:25]} 10. cxd3 {[%clk 1:29:09]} Rb8 {[%clk 0:46:21]} 11. g4 {[%clk 1:25:56]}
e6 {[%clk 0:40:55]} 12. Be3 {[%clk 1:19:33]} b5 {[%clk 0:39:08]} 13. Rf2 {[%clk
1:09:29]} d5 {[%clk 0:38:59]} 14. Bc5 {[%clk 1:07:16]} Re8 {[%clk 0:27:54]} 15.
e5 {[%clk 1:07:33]} Nd7 {[%clk 0:27:54]} 16. Bd6 {[%clk 1:07:12]} Rb6 {[%clk
0:25:54]} 17. Rc1 {[%clk 1:02:13]} Bb7 {[%clk 0:20:59]} 18. a4 {[%clk 0:55:48]}
bxa4 {[%clk 0:21:23]} 19. Nxa4 {[%clk 0:55:12]} Ra6 {[%clk 0:18:51]} 20. b4
{[%clk 0:50:57]} Nd4 {[%clk 0:13:35]} 21. Bc7 {[%clk 0:42:33]} Nxf3+ {[%clk
0:13:58]} 22. Bxf3 {[%clk 0:40:00]} Qh4 {[%clk 0:12:17]} 23. b5 {[%clk 0:39:52]}
Rxa4 {[%clk 0:11:37]} 24. Qxa4 {[%clk 0:40:15]} Qg3+ {[%clk 0:11:58]} 25. Kf1
{[%clk 0:32:08]} Ra8 {[%clk 0:06:59]} 26. Ke2 {[%clk 0:21:27]} g5 {[%clk
0:06:49]} 27. h4 {[%clk 0:11:26]} Qxh4 {[%clk 0:01:52]} 28. Rh1 {[%clk 0:07:10]}
Qg3 {[%clk 0:02:19]} 29. Rfh2 {[%clk 0:03:45]} Rc8 {[%clk 0:02:15]} 30. Rh3
{[%clk 0:02:12]} Qxf4 {[%clk 0:02:41]} 31. Qxf4 {[%clk 0:02:33]} gxf4 {[%clk
0:03:10]} 32. Bd6 {[%clk 0:02:28]} Nxe5 {[%clk 0:02:45]} 33. Bxe5 {[%clk
0:02:16]} Bxe5 {[%clk 0:03:14]} 34. Rxh7 {[%clk 0:02:23]} Rc2+ {[%clk 0:03:30]}
35. Kd1 {[%clk 0:02:26]} Rb2 {[%clk 0:03:59]} 36. R7h5 {[%clk 0:01:45]} Bd4
{[%clk 0:03:56]} 37. R5h2 {[%clk 0:01:28]} Rxb5 {[%clk 0:04:25]} 38. Rc2 {[%clk
0:01:33]} a5 {[%clk 0:04:36]} 39. Ra2 {[%clk 0:01:34]} e5 {[%clk 0:02:56]} 40.
Rh5 {[%clk 0:01:45]} Rc5 {[%clk 0:01:45]} 41. Rc2 {[%clk 0:01:37]} Rb5 {[%clk
0:01:21]} 42. Rg5+ {[%clk 0:01:30]} Kf8 {[%clk 0:01:38]} 43. Rf5 {[%clk 0:01:48]}
Rb1+ {[%clk 0:01:53]} 44. Ke2 {[%clk 0:00:35]} Rb2 {[%clk 0:02:21]} 45. Rxb2
{[%clk 0:00:36]} Bxb2 {[%clk 0:02:50]} 46. Rf6 {[%clk 0:00:50]} e4 {[%clk
0:02:07]} 47. Rb6 {[%clk 0:00:57]} exf3+ {[%clk 0:01:39]} 48. Kxf3 {[%clk
0:01:24]} Bc1 {[%clk 0:01:23]} 49. Rxb7 {[%clk 0:01:48]} Be3 {[%clk 0:01:33]} 50.
Rb5 {[%clk 0:01:43]} d4 {[%clk 0:01:46]} 51. Rxa5 {[%clk 0:02:02]} Kg7 {[%clk
0:01:52]} 52. Ke4 {[%clk 0:02:16]} Kf6 {[%clk 0:01:45]} 53. Rb5 {[%clk 0:02:04]}
Ke6 {[%clk 0:01:44]} 54. Rf5 {[%clk 0:02:08]} Ke7 {[%clk 0:01:28]} 55. Ke5 {[%clk
0:02:22]} Ke8 {[%clk 0:01:33]} 56. Kd6 {[%clk 0:02:08]} Bd2 {[%clk 0:01:42]} 57.
Rb5 {[%clk 0:01:49]} Kf8 {[%clk 0:01:58]} 58. Rf5 {[%clk 0:01:38]} Ke8 {[%clk
0:02:25]} 59. Ke5 {[%clk 0:01:41]} Be3 {[%clk 0:02:30]} 60. Kf6 {[%clk 0:01:39]}
Kf8 {[%clk 0:02:53]} 61. Ra5 {[%clk 0:01:16]} Kg8 {[%clk 0:03:14]} 62. Ra8+
{[%clk 0:01:05]} Kh7 {[%clk 0:03:43]} 63. Kxf7 {[%clk 0:01:05]} f3 {[%clk
0:04:07]} 64. Ra5 {[%clk 0:01:00]} f2 {[%clk 0:03:22]} 65. Rh5+ {[%clk 0:01:16]}
Bh6 {[%clk 0:03:47]} 66. Rh1 {[%clk 0:01:43]} 1-0

[Event "Campeonato de España Veteranos 2017"]
[Site "Altea"]
[Date "2017.10.13"]
[Round "7"]
[White "Acebal Muniz, Antonio"]
[Black "Nunez Munoz, Jesus"]
[Result "1/2-1/2"]
[Board "4"]
[WhiteTitle "FM"]
[WhiteElo "2091"]
[WhiteCountry "ESP"]
[WhiteFideId "2200937"]
[WhiteEloChange "3"]
[BlackElo "2199"]
[BlackCountry "ESP"]
[BlackFideId "2208709"]
[BlackEloChange "-3"]

1. Nf3 {[%clk 1:28:55]} Nf6 {[%clk 1:30:48]} 2. c4 {[%clk 1:28:48]} e6 {[%clk
1:31:13]} 3. Nc3 {[%clk 1:28:40]} Bb4 {[%clk 1:31:04]} 4. Qc2 {[%clk 1:28:39]}
O-O {[%clk 1:31:23]} 5. a3 {[%clk 1:28:54]} Bxc3 {[%clk 1:31:27]} 6. Qxc3 {[%clk
1:29:09]} b6 {[%clk 1:27:04]} 7. b4 {[%clk 1:29:06]} Bb7 {[%clk 1:27:26]} 8. Bb2
{[%clk 1:28:02]} d6 {[%clk 1:27:49]} 9. g3 {[%clk 1:25:53]} Nbd7 {[%clk 1:27:44]}
10. Bg2 {[%clk 1:24:53]} Qe7 {[%clk 1:25:23]} 11. O-O {[%clk 1:23:05]} c5 {[%clk
1:25:39]} 12. d3 {[%clk 1:16:54]} Rfc8 {[%clk 1:21:47]} 13. Qd2 {[%clk 1:06:19]}
Rd8 {[%clk 1:18:14]} 14. Rac1 {[%clk 0:59:30]} Rac8 {[%clk 1:01:29]} 15. e4
{[%clk 0:49:23]} a6 {[%clk 0:57:12]} 16. Rfe1 {[%clk 0:45:39]} b5 {[%clk
0:54:00]} 17. Rc2 {[%clk 0:34:35]} bxc4 {[%clk 0:33:28]} 18. Rxc4 {[%clk
0:32:44]} d5 {[%clk 0:33:37]} 19. exd5 {[%clk 0:31:10]} Bxd5 {[%clk 0:33:56]} 20.
Rcc1 {[%clk 0:30:42]} cxb4 {[%clk 0:33:36]} 21. Qxb4 {[%clk 0:29:41]} Qxb4 {[%clk
0:33:48]} 22. axb4 {[%clk 0:29:49]} Rb8 {[%clk 0:31:02]} 23. Bc3 {[%clk 0:28:59]}
h6 {[%clk 0:28:16]} 24. Ra1 {[%clk 0:28:01]} Rb6 {[%clk 0:28:29]} 25. Rec1 {[%clk
0:26:21]} Rc8 {[%clk 0:27:49]} 26. Bd2 {[%clk 0:25:32]} Rxc1+ {[%clk 0:24:10]}
27. Rxc1 {[%clk 0:25:52]} Rc6 {[%clk 0:24:38]} 28. Rxc6 {[%clk 0:23:15]} Bxc6
{[%clk 0:25:02]} 29. Kf1 {[%clk 0:23:05]} Kf8 {[%clk 0:25:11]} 30. Ke2 {[%clk
0:20:26]} Ke7 {[%clk 0:21:40]} 31. Bf1 {[%clk 0:20:13]} Bd5 {[%clk 0:19:09]} 32.
Nd4 {[%clk 0:19:21]} Ng4 {[%clk 0:18:04]} 33. h4 {[%clk 0:18:30]} Nge5 {[%clk
0:18:14]} 34. f3 {[%clk 0:17:33]} Nc6 {[%clk 0:18:06]} 35. Nxc6+ {[%clk 0:16:12]}
Bxc6 {[%clk 0:18:09]} 36. Bc3 {[%clk 0:15:37]} f6 {[%clk 0:18:27]} 37. Bd4 {[%clk
0:13:37]} Kd6 {[%clk 0:17:57]} 38. f4 {[%clk 0:12:59]} Bd5 {[%clk 0:17:28]} 39.
Kd2 {[%clk 0:12:26]} Kc6 {[%clk 0:17:12]} 40. Kc3 {[%clk 0:11:48]} Nb6 {[%clk
0:16:17]} 41. Bxb6 {[%clk 0:11:43]} Kxb6 {[%clk 0:16:39]} 42. d4 {[%clk 0:12:04]}
1/2-1/2

[Event "Campeonato de España Veteranos 2017"]
[Site "Altea"]
[Date "2017.10.13"]
[Round "7"]
[White "Garcia Fernandez, Carlos"]
[Black "Pastor Pons, Pedro Maria"]
[Result "1/2-1/2"]
[Board "5"]
[WhiteTitle "IM"]
[WhiteElo "2264"]
[WhiteCountry "ESP"]
[WhiteFideId "2200660"]
[WhiteEloChange "-5"]
[BlackElo "2077"]
[BlackCountry "ESP"]
[BlackFideId "2203758"]
[BlackEloChange "5"]

1. e4 {[%clk 1:22:54]} e5 {[%clk 1:30:36]} 2. Nf3 {[%clk 1:20:38]} Nc6 {[%clk
1:30:58]} 3. Bc4 {[%clk 1:21:02]} Bc5 {[%clk 1:29:04]} 4. c3 {[%clk 1:19:38]} Nf6
{[%clk 1:28:12]} 5. d4 {[%clk 1:18:57]} exd4 {[%clk 1:27:35]} 6. cxd4 {[%clk
1:19:18]} Bb4+ {[%clk 1:27:26]} 7. Bd2 {[%clk 1:19:19]} Bxd2+ {[%clk 1:27:13]} 8.
Nbxd2 {[%clk 1:19:46]} d5 {[%clk 1:27:26]} 9. exd5 {[%clk 1:20:08]} Nxd5 {[%clk
1:27:46]} 10. Qb3 {[%clk 1:19:49]} Nce7 {[%clk 1:27:17]} 11. O-O {[%clk 1:18:08]}
O-O {[%clk 1:27:29]} 12. Rfe1 {[%clk 1:18:18]} c6 {[%clk 1:22:12]} 13. a4 {[%clk
1:14:43]} Rb8 {[%clk 1:05:27]} 14. Ne4 {[%clk 1:05:35]} h6 {[%clk 1:01:34]} 15.
Qa3 {[%clk 0:59:25]} a5 {[%clk 0:57:35]} 16. Bxd5 {[%clk 0:53:20]} Nxd5 {[%clk
0:57:30]} 17. h3 {[%clk 0:52:33]} Bf5 {[%clk 0:51:44]} 18. Ng3 {[%clk 0:44:42]}
Bh7 {[%clk 0:42:05]} 19. Rad1 {[%clk 0:41:01]} Re8 {[%clk 0:36:29]} 20. Rxe8+
{[%clk 0:39:15]} 1/2-1/2

[Event "Campeonato de España Veteranos 2017"]
[Site "Altea"]
[Date "2017.10.13"]
[Round "7"]
[White "Brusi Noguera, Ricardo Ll."]
[Black "Clari Mascarell, Jose Javier"]
[Result "1/2-1/2"]
[Board "6"]
[WhiteElo "2156"]
[WhiteCountry "ESP"]
[WhiteFideId "2279487"]
[WhiteEloChange "-3"]
[BlackElo "2047"]
[BlackCountry "ESP"]
[BlackFideId "2207486"]
[BlackEloChange "3"]

1. d4 {[%clk 1:30:56]} e6 {[%clk 1:30:56]} 2. c4 {[%clk 1:31:17]} f5 {[%clk
1:31:21]} 3. Nf3 {[%clk 1:31:22]} Nf6 {[%clk 1:31:45]} 4. e3 {[%clk 1:31:46]} d5
{[%clk 1:32:09]} 5. Bd3 {[%clk 1:32:03]} c6 {[%clk 1:29:35]} 6. O-O {[%clk
1:32:23]} Bd6 {[%clk 1:29:59]} 7. b3 {[%clk 1:32:43]} Qe7 {[%clk 1:30:03]} 8. Bb2
{[%clk 1:33:02]} O-O {[%clk 1:29:59]} 9. Qc1 {[%clk 1:32:03]} b6 {[%clk 1:08:54]}
10. Ba3 {[%clk 1:31:54]} Bb7 {[%clk 1:04:56]} 11. Bxd6 {[%clk 1:31:18]} Qxd6
{[%clk 1:05:24]} 12. Qb2 {[%clk 1:30:43]} Nbd7 {[%clk 1:02:08]} 13. Nc3 {[%clk
1:28:06]} Ne4 {[%clk 0:56:23]} 14. Ne2 {[%clk 1:24:49]} Qe7 {[%clk 0:51:41]} 15.
Ne5 {[%clk 1:13:51]} Nxe5 {[%clk 0:38:21]} 16. dxe5 {[%clk 1:14:19]} Nc5 {[%clk
0:38:11]} 17. Rfd1 {[%clk 1:06:39]} Nxd3 {[%clk 0:24:33]} 18. Rxd3 {[%clk
1:06:16]} dxc4 {[%clk 0:24:32]} 19. bxc4 {[%clk 1:06:23]} Rfd8 {[%clk 0:23:55]}
20. Rad1 {[%clk 0:48:10]} Rxd3 {[%clk 0:24:17]} 21. Rxd3 {[%clk 0:48:35]} Rd8
{[%clk 0:24:39]} 22. Qd2 {[%clk 0:47:18]} Rxd3 {[%clk 0:24:51]} 23. Qxd3 {[%clk
0:45:05]} c5 {[%clk 0:21:40]} 24. Nc3 {[%clk 0:42:31]} Bc6 {[%clk 0:20:12]} 25.
f4 {[%clk 0:23:47]} Qb7 {[%clk 0:15:40]} 26. g3 {[%clk 0:21:22]} Kf7 {[%clk
0:14:10]} 27. Nb5 {[%clk 0:15:59]} Bxb5 {[%clk 0:14:37]} 28. cxb5 {[%clk
0:16:24]} Qc7 {[%clk 0:14:32]} 29. Qc4 {[%clk 0:16:11]} Qd7 {[%clk 0:14:34]} 30.
Qa4 {[%clk 0:15:05]} Kg6 {[%clk 0:11:29]} 31. h3 {[%clk 0:14:16]} h5 {[%clk
0:10:20]} 32. Qb3 {[%clk 0:09:50]} Kf7 {[%clk 0:09:52]} 33. Qa4 {[%clk 0:08:48]}
Qc7 {[%clk 0:09:22]} 34. Qc4 {[%clk 0:09:02]} Qb7 {[%clk 0:09:36]} 35. g4 {[%clk
0:07:33]} Qf3 {[%clk 0:05:54]} 36. gxf5 {[%clk 0:07:24]} Qg3+ {[%clk 0:06:14]}
37. Kf1 {[%clk 0:07:01]} Qxh3+ {[%clk 0:06:40]} 38. Kf2 {[%clk 0:07:09]} Qxf5
{[%clk 0:05:38]} 39. Qa4 {[%clk 0:07:14]} Kg6 {[%clk 0:02:57]} 40. Qxa7 {[%clk
0:07:08]} Qc2+ {[%clk 0:03:22]} 41. Kf3 {[%clk 0:06:13]} Qd1+ {[%clk 0:03:40]}
42. Kf2 {[%clk 0:06:29]} Qd2+ {[%clk 0:01:39]} 43. Kf3 {[%clk 0:06:56]} Qd1+
{[%clk 0:00:53]} 44. Kf2 {[%clk 0:05:04]} Qd8 {[%clk 0:00:53]} 1/2-1/2